000 00614nam a2200157 a 4500
001 000028773
005 20200930055129.0
008 110412s1999 dr r 000 0 spa d
040 _aDO-SdBNP
_bspa
_cBNPHU
082 _axxxx
_bR426n
110 1 _aRepública Dominicana
_bConsejo Nacional de Educación Superior
_937231
245 1 0 _aNormas del Consejo Nacional de Educación superior, Cones, para cumplir con las atribuciones que le confiere el decreto 517-96 /
_cpresentación Alejandrina Germán.
260 _aSanto Domingo :
_bCONES,
_c1999.
300 _a51 p. ;
_c26 cm.
700 1 _aGermán, Alejandrina
_912096
999 _c28265
_d28265